Histoire des États-Unis - Difficile 🇺🇸 - Statistiques

Statistiques générales
  • Ce quiz a Ă©tĂ© pris 449 fois
  • Le rĂ©sultat moyen est 7 sur 10
Statistiques - réponses
Question Réponse % Correct
Quel mouvement pour les droits civiques a été dirigé par Martin Luther King Jr. ? Le mouvement des droits civiques pour les Afro-Américains
98%
Quel événement a marqué la fin de la Guerre froide ? La chute du mur de Berlin
91%
Quelle guerre a été déclenchée par l'attaque japonaise sur Pearl Harbor en 1941 ? La Seconde Guerre mondiale
89%
Qui était le président des États-Unis pendant la Guerre de Sécession ? Abraham Lincoln
86%
Quel événement a conduit à l'entrée des États-Unis dans la Première Guerre mondiale en 1917 ? Le naufrage du paquebot Lusitania
73%
Quel événement a marqué le début de la guerre d'indépendance américaine ? La Bataille de Lexington et Concord
64%
Quel président américain a négocié l'achat de la Louisiane à la France en 1803 ? Thomas Jefferson
57%
Qui était le général en chef des forces armées américaines pendant la guerre d'indépendance ? George Washington
55%
Quel explorateur européen a été le premier à atteindre la côte est de l'Amérique du Nord, désormais connue sous le nom de Nouvelle-Angleterre, en 1497 ? John Cabot
45%
Quelle décision de la Cour suprême des États-Unis a légalisé la ségrégation raciale dans les lieux publics en 1896 ? L'affaire Plessy VS Ferguson
45%
Aucun quiz correspondant
Distribution des résultats
% des personnes avec chaque résultat
Percentile par nombre de réponses
Votre historique - résultats
Vous n’avez pas pris ce quiz